Systems biology: A textbook (Record no. 20435)

MARC details
000 -LEADER
fixed length control field 00479nam a2200181Ia 4500
008 - FIXED-LENGTH DATA ELEMENTS--GENERAL INFORMATION
fixed length control field 230917s9999||||xx |||||||||||||| ||und||
020 ## - ISBN
Price USD95
040 ## - CATALOGING SOURCE
-- 236781
Original cataloging agency VIVEKANANDA LIBRARY
041 ## - Language
-- English
082 ## - DDC NUMBER
Classification number 570 K689S(2)
100 ## - MAIN ENTRY--PERSONAL NAME
Personal name Klipp, Edda
245 #0 - TITLE STATEMENT
Title Systems biology: A textbook
250 ## - EDITION STATEMENT
Edition statement 2nd rev. ed.
260 ## - PUBLICATION, DISTRIBUTION, ETC. (IMPRINT)
Place of publication, distribution, etc Weinheim
Name of publisher, distributor, etc Wiley-VCH
Date of publication, distribution, etc 2016
300 ## - PHYSICAL DESCRIPTION
Pages xv, 488 p.
500 ## - GENERAL NOTE
General note 2521 23/12/2016 HBD17/6756 28/12/2016 Main Budget Periodicals
942 ## - ADDED ENTRY ELEMENTS (KOHA)
Koha item type Books
Holdings
Withdrawn status Lost status Damaged status Not for loan Location (home branch) Sublocation or collection (holding branch) Date acquired Koha issues (times borrowed) Koha full call number Accession No. Koha date last seen Koha item type
        VIVEKANANDA LIBRARY VIVEKANANDA LIBRARY 30/01/2017 1 570 K689S(2) 360203 03/02/2026 Books
© Designed and Maintained by Vivekananda Library, MDU Rohtak